[Event "Madrid San Viator op-A 30th"]
[Site "Madrid"]
[Date "2018.06.03"]
[Round "8"]
[White "Lobato Rivero, Carlos"]
[Black "Fernandez Quintero, Jose Antonio"]
[Result "1-0"]
[WhiteElo "1968"]
[BlackElo "1813"]
[PlyCount "75"]
[EventDate "2018.04.08"]
[EventType "swiss"]
[EventRounds "9"]
[EventCountry "ESP"]
[SourceTitle "EXT 2019"]
[Source "ChessBase"]
[SourceDate "2018.10.10"]
[SourceVersion "1"]
[SourceVersionDate "2018.10.10"]
[SourceQuality "1"]

1. e4 e6 2. b3 d5 3. Bb2 dxe4 4. Nc3 Nf6 5. g4 e3 6. fxe3 Bd7 7. Bg2 Bc6 8. Qe2 Bxg2 9. Qxg2 c6 10. 0-0-0 Qa5 11. Nge2 Ba3 12. Rhf1 Bxb2+ 13. Kxb2 Qg5 14. Rf4 Nbd7 15. Rdf1 0-0 16. h4 Qc5 17. Qf2 h5 18. d4 Qa5 19. gxh5 Qxh5 20. e4 Ng4 21. Qf3 Ngf6 22. Qh3 Rad8 23. Rg1 Qh6 24. Rf3 Nh5 25. Rg5 Ndf6 26. e5 Nd5 27. Nxd5 cxd5 28. Qg4 g6 29. Ng3 Ng7 30. h5 Rc8 31. hxg6 Rxc2+ 32. Kxc2 Qh2+ 33. Kd3 Rc8 34. gxf7+ Kf8 35. Ne2 Qh7+ 36. Ke3 Nf5+ 37. Rfxf5 exf5 38. Qxf5 1-0

[Event "Madrid San Viator op-A 30th"]
[Site "Madrid"]
[Date "2018.04.08"]
[Round "1"]
[White "Perdomo Araujo, Angel Eduardo"]
[Black "Fernandez Quintero, Jose Antonio"]
[Result "1-0"]
[WhiteElo "2084"]
[BlackElo "1813"]
[PlyCount "120"]
[EventDate "2018.04.08"]
[EventType "swiss"]
[EventRounds "9"]
[EventCountry "ESP"]
[SourceTitle "EXT 2019"]
[Source "ChessBase"]
[SourceDate "2018.10.10"]
[SourceVersion "1"]
[SourceVersionDate "2018.10.10"]
[SourceQuality "1"]

1. e4 e6 2. d4 d5 3. Nd2 dxe4 4. Nxe4 Bd7 5. Nf3 Bc6 6. Bd3 Nd7 7. 0-0 Ngf6 8. Ng3 Be7 9. Bd2 0-0 10. c4 b6 11. b4 Bb7 12. Bc3 Re8 13. Qe2 Bf8 14. Ne5 Nxe5 15. dxe5 Nd7 16. Rad1 c5 17. b5 Qc7 18. f4 a6 19. a4 axb5 20. axb5 Ra3 21. Bb2 Ra7 22. Bb1 g6 23. h4 h5 24. Nxh5 gxh5 25. Qd3 Bg7 26. Qxd7 Qxd7 27. Rxd7 Rea8 28. Rfd1 Bh6 29. g3 Bf3 30. Rxa7 Rxa7 31. Rd8+ Bf8 32. Kf2 Bg4 33. Ke3 Ra4 34. Bd3 Ra2 35. Bc3 Ra3 36. Kd2 Ra2+ 37. Kc1 Rg2 38. Be1 Be2 39. Bxe2 Rxe2 40. Bd2 Re4 41. Rb8 Rxc4+ 42. Kd1 Rd4 43. Ke2 c4 44. Bb4 Rd5 45. Bxf8 Rxb5 46. Bc5+ Kg7 47. Bd4 Rb3 48. Rxb6 Rxg3 49. Bf2 Rb3 50. Rxb3 cxb3 51. Bd4 Kg6 52. Kf3 Kf5 53. Bb2 Kg6 54. Ke4 Kh6 55. f5 Kg7 56. Kf4 Kh6 57. Bc3 Kh7 58. fxe6 fxe6 59. Kg5 Kg7 60. Kxh5 Kh7 1-0

[Event "Madrid Tajamar Easter op-A"]
[Site "Madrid"]
[Date "2018.03.26"]
[Round "6"]
[White "Fernandez Quintero, Jose Antonio"]
[Black "De Vicente Guijarro, Juan"]
[Result "0-1"]
[WhiteElo "1857"]
[BlackElo "1867"]
[PlyCount "78"]
[EventDate "2018.03.22"]
[EventType "swiss"]
[EventRounds "7"]
[EventCountry "ESP"]
[SourceTitle "EXT 2019"]
[Source "ChessBase"]
[SourceDate "2018.10.10"]
[SourceVersion "1"]
[SourceVersionDate "2018.10.10"]
[SourceQuality "1"]

1. d4 Nf6 2. c4 g6 3. Nc3 Bg7 4. e4 d6 5. Be2 0-0 6. Bg5 Nbd7 7. Qd2 Re8 8. Nf3 c5 9. d5 Qa5 10. 0-0 a6 11. a4 e5 12. dxe6 Rxe6 13. Qc2 Ng4 14. Nd2 Nge5 15. Nb3 Qc7 16. Nd5 Qb8 17. Ne7+ Kh8 18. f4 f6 19. fxe5 fxg5 20. Nxc8 Qxc8 21. exd6 Rxd6 22. Bg4 Qe8 23. Bxd7 Qxd7 24. a5 Rd8 25. Kh1 Qg4 26. h3 Qg3 27. Rf3 Qe5 28. Rb1 Kg8 29. Rf2 g4 30. hxg4 Qg3 31. Rf3 Qxg4 32. Rbf1 Be5 33. Qf2 Rf6 34. g3 Qxe4 35. Nxc5 Qc6 36. b4 Rdf8 37. Kg2 Rxf3 38. Qxf3 Rxf3 39. Rxf3 h5 0-1

[Event "Madrid Tajamar Easter op-A"]
[Site "Madrid"]
[Date "2018.03.25"]
[Round "5"]
[White "Fernandez Garcia, Ignacio"]
[Black "Fernandez Quintero, Jose Antonio"]
[Result "1-0"]
[WhiteElo "1811"]
[BlackElo "1857"]
[PlyCount "61"]
[EventDate "2018.03.22"]
[EventType "swiss"]
[EventRounds "7"]
[EventCountry "ESP"]
[SourceTitle "EXT 2019"]
[Source "ChessBase"]
[SourceDate "2018.10.10"]
[SourceVersion "1"]
[SourceVersionDate "2018.10.10"]
[SourceQuality "1"]

1. e4 e6 2. d4 d5 3. e5 c5 4. c3 Nc6 5. Nf3 Bd7 6. Bd3 Qb6 7. dxc5 Bxc5 8. 0-0 a5 9. a4 Nge7 10. Na3 Ng6 11. Qe2 0-0 12. Nb5 Nce7 13. Bd2 Bxb5 14. Bxb5 Nc6 15. Rab1 f6 16. exf6 Rxf6 17. Bg5 Nf4 18. Bxf4 Rxf4 19. Qxe6+ Kh8 20. Qxd5 Raf8 21. b4 axb4 22. cxb4 Nxb4 23. Qd2 Qg6 24. Be2 Rxf3 25. Bxf3 Rxf3 26. Rxb4 Bxb4 27. Qxb4 b6 28. a5 h5 29. axb6 Rf6 30. b7 Rb6 31. b8Q+ 1-0

[Event "Topusko Amateur op 6th"]
[Site "Topusko"]
[Date "2017.08.18"]
[Round "8"]
[White "Fernandez Quintero, Jose Antonio"]
[Black "Levar, Nenad"]
[Result "1/2-1/2"]
[WhiteElo "1908"]
[BlackElo "2015"]
[PlyCount "52"]
[EventDate "2017.08.12"]
[EventType "swiss"]
[EventRounds "9"]
[EventCountry "CRO"]
[SourceTitle "CBM 180 Extra"]
[Source "ChessBase"]
[SourceDate "2017.10.06"]
[SourceVersion "1"]
[SourceVersionDate "2017.10.06"]
[SourceQuality "1"]

1. d4 Nf6 2. c4 g6 3. Nc3 Bg7 4. e4 d6 5. Be2 Nbd7 6. Bg5 c5 7. d5 Qa5 8. Bd2 Qc7 9. h3 0-0 10. Nf3 a6 11. 0-0 e5 12. Qc2 Rb8 13. a4 Kh8 14. g4 Ng8 15. Bd3 Qd8 16. Bg5 f6 17. Be3 Rf7 18. Kg2 Nf8 19. Qe2 h6 20. Rh1 Bd7 21. Rag1 Ne7 22. Nh4 Ng8 23. Nf3 Qc8 24. Nh4 Qd8 25. Nf3 Ne7 26. Nh4 Ng8 1/2-1/2

[Event "Topusko Amateur op 6th"]
[Site "Topusko"]
[Date "2017.08.13"]
[Round "3"]
[White "Zivcic, Oliver"]
[Black "Fernandez Quintero, Jose Antonio"]
[Result "0-1"]
[WhiteElo "1661"]
[BlackElo "1908"]
[PlyCount "90"]
[EventDate "2017.08.12"]
[EventType "swiss"]
[EventRounds "9"]
[EventCountry "CRO"]
[SourceTitle "CBM 180 Extra"]
[Source "ChessBase"]
[SourceDate "2017.10.06"]
[SourceVersion "1"]
[SourceVersionDate "2017.10.06"]
[SourceQuality "1"]

1. d4 d5 2. c4 c6 3. Nf3 Nf6 4. Nc3 dxc4 5. e4 b5 6. a4 b4 7. Na2 Nxe4 8. Bxc4 a5 9. 0-0 Nd6 10. Bd3 Ba6 11. Bf4 Bxd3 12. Qxd3 e6 13. b3 Nf5 14. Rfe1 Be7 15. Nc1 0-0 16. Ne2 Nd7 17. Ng3 Nxg3 18. Bxg3 Qb6 19. Rad1 Rfd8 20. Ne5 Bf6 21. Qf3 Bxe5 22. Bxe5 Nxe5 23. dxe5 Rd5 24. Rc1 Rad8 25. h3 c5 26. Rc2 Rd3 27. Re3 R3d5 28. Re1 h6 29. Rcc1 Qc7 30. Qg3 Rd3 31. Re3 Rd1+ 32. Rxd1 Rxd1+ 33. Kh2 c4 34. Qg4 Rc1 35. f4 c3 36. Re4 c2 37. Rc4 Qxc4 38. bxc4 Rd1 39. Qf3 c1Q 40. Qa8+ Kh7 41. Qe4+ g6 42. Qb7 Qxf4+ 43. g3 Rd2+ 44. Kg1 Qxg3+ 45. Kf1 Qf2# 0-1

[Event "Topusko Amateur op 6th"]
[Site "Topusko"]
[Date "2017.08.12"]
[Round "1"]
[White "Fernandez Quintero, Jose Antonio"]
[Black "Muha, Miljenko"]
[Result "0-1"]
[WhiteElo "1908"]
[BlackElo "2252"]
[PlyCount "90"]
[EventDate "2017.08.12"]
[EventType "swiss"]
[EventRounds "9"]
[EventCountry "CRO"]
[SourceTitle "CBM 180 Extra"]
[Source "ChessBase"]
[SourceDate "2017.10.06"]
[SourceVersion "1"]
[SourceVersionDate "2017.10.06"]
[SourceQuality "1"]

1. d4 d5 2. c4 c6 3. Nc3 Nf6 4. e3 e6 5. Nf3 Bd6 6. Qc2 0-0 7. Be2 dxc4 8. Bxc4 Nbd7 9. 0-0 b5 10. Bd3 Bb7 11. Rd1 Qc7 12. a3 a6 13. e4 e5 14. h3 c5 15. d5 c4 16. Bf1 Nc5 17. Bg5 Nb3 18. Rab1 Bc5 19. Ne2 Qd6 20. Ng3 Bc8 21. Re1 Ne8 22. Rbd1 f6 23. Be3 Bd7 24. Bxc5 Nxc5 25. Nh4 g6 26. Qd2 Kg7 27. Be2 Nb3 28. Qe3 Qc5 29. Bg4 Qxe3 30. Rxe3 Rd8 31. Bxd7 Rxd7 32. Nf3 Nd6 33. Nd2 Nc5 34. b3 cxb3 35. Nxb3 Nxb3 36. Rxb3 Rc8 37. f3 Rdc7 38. Ne2 Rc2 39. Kf1 f5 40. exf5 gxf5 41. Re3 Nc4 42. Rb3 Nd2+ 43. Rxd2 Rxd2 44. Nc3 Rd3 45. d6 Rcxc3 0-1

[Event "Santa Eugenia op 12th"]
[Site "Santa Eugenia"]
[Date "2017.08.01"]
[Round "3"]
[White "Fernandez Quintero, Jose Antonio"]
[Black "Turon Crosa, Isaac"]
[Result "1-0"]
[WhiteElo "1900"]
[BlackElo "1681"]
[PlyCount "52"]
[EventDate "2017.07.31"]
[EventType "swiss"]
[EventRounds "9"]
[EventCountry "ESP"]
[SourceTitle "CBM 179 Extra"]
[Source "ChessBase"]
[SourceDate "2017.08.23"]
[SourceVersion "1"]
[SourceVersionDate "2017.08.23"]
[SourceQuality "1"]

1. d4 Nf6 2. c4 e6 3. Nc3 d5 4. cxd5 exd5 5. Bg5 Nbd7 6. e3 c6 7. Bd3 Bd6 8. Qc2 h6 9. Bh4 0-0 10. Nge2 Re8 11. 0-0 Bxh2+ 12. Kxh2 Ng4+ 13. Kh3 Ndf6 14. Bf5 g5 15. Bg3 Kg7 16. Be5 Nxe5 17. dxe5 Rxe5 18. g4 h5 19. Ng3 h4 20. Nge2 Nxg4 21. Bxc8 Qxc8 22. Kg2 Rxe3 23. Qd2 h3+ 24. Kh1 Qc7 25. Qd4+ Kg6 26. Qxg4 Rd3 1-0

[Event "Santa Eugenia op 12th"]
[Site "Santa Eugenia"]
[Date "2017.07.31"]
[Round "2"]
[White "Farre I Benseny, Miquel"]
[Black "Fernandez Quintero, Jose Antonio"]
[Result "1-0"]
[WhiteElo "1607"]
[BlackElo "1900"]
[PlyCount "101"]
[EventDate "2017.07.31"]
[EventType "swiss"]
[EventRounds "9"]
[EventCountry "ESP"]
[SourceTitle "CBM 179 Extra"]
[Source "ChessBase"]
[SourceDate "2017.08.23"]
[SourceVersion "1"]
[SourceVersionDate "2017.08.23"]
[SourceQuality "1"]

1. e4 e6 2. d4 d5 3. Nc3 dxe4 4. Nxe4 Bd7 5. Nf3 Bc6 6. Bd3 Nd7 7. 0-0 Ngf6 8. Bg5 Be7 9. Nxf6+ Bxf6 10. Bxf6 Qxf6 11. Be2 0-0-0 12. c3 g5 13. Qd3 g4 14. Nd2 Ne5 15. Qe3 Ng6 16. Bxg4 Nf4 17. Bf3 Bxf3 18. Qxf3 Rhg8 19. g3 h5 20. Kh1 Nd5 21. Qxh5 Rh8 22. Qe5 Qh6 23. Nf3 Rdg8 24. h4 Ne7 25. Rg1 Ng6 26. Qe3 Qh5 27. Rg2 Qg4 28. Rh2 Qf5 29. Re1 Qd5 30. b3 Rh5 31. Qe4 Qa5 32. Qc2 Qd5 33. Qe4 Qa5 34. g4 Rhh8 35. h5 Ne7 36. Ne5 f5 37. gxf5 exf5 38. Nc4 Qxc3 39. Qe6+ Kb8 40. Qe3 Nd5 41. Qxc3 Nxc3 42. a4 Rg4 43. h6 Rxd4 44. h7 Re4 45. Rg1 Rg4 46. Rxg4 fxg4 47. Ne5 g3 48. fxg3 Ne4 49. Nf7 Rxh7 50. Rxh7 Nxg3+ 51. Kg2 1-0

[Event "Seville-ch"]
[Site "Seville"]
[Date "2013.01.28"]
[Round "3"]
[White "Aranaz Murillo, Amalia"]
[Black "Fernandez Quintero, Jose Antonio"]
[Result "1-0"]
[WhiteElo "2240"]
[BlackElo "1923"]
[PlyCount "91"]
[EventDate "2013.01.26"]
[EventType "swiss"]
[EventRounds "6"]
[EventCountry "ESP"]
[SourceTitle "EXT 2014"]
[Source "ChessBase"]
[SourceDate "2013.11.20"]
[SourceVersion "1"]
[SourceVersionDate "2013.11.20"]
[SourceQuality "1"]

1. Nf3 d5 2. c4 c6 3. g3 dxc4 4. Bg2 b5 5. a4 Bb7 6. Nc3 b4 7. Nb1 a5 8. Qc2 Qd5 9. Nh4 Qd4 10. Nf5 Qc5 11. d4 Qb6 12. Be3 e6 13. Nh4 Nf6 14. d5 c5 15. dxe6 fxe6 16. Nd2 Bxg2 17. Nxg2 Nbd7 18. Nxc4 Qc6 19. 0-0 Qe4 20. Qb3 Nd5 21. f3 Qg6 22. Bf2 Ra6 23. e4 N5b6 24. Rad1 e5 25. Qd3 Ra7 26. Nh4 Qe6 27. Nxb6 Nxb6 28. Qb5+ Nd7 29. Rd5 g6 30. Rfd1 Be7 31. Ng2 Qb6 32. Rxd7 Qxb5 33. Rxe7+ Kxe7 34. axb5 Rc7 35. Ne3 Ke6 36. Nc4 a4 37. Rd6+ Ke7 38. Rd5 Ra8 39. b6 Rd7 40. Bxc5+ Kd8 41. Rxd7+ Kxd7 42. Nxe5+ Ke6 43. Nc6 a3 44. bxa3 bxa3 45. b7 Ra4 46. b8Q 1-0

[Event "Split op 2nd"]
[Site "Split"]
[Date "2012.08.12"]
[Round "2"]
[White "Fernandez Gil, Marco Antonio"]
[Black "Fernandez Quintero, Jose Antonio"]
[Result "1-0"]
[WhiteElo "2280"]
[BlackElo "1961"]
[PlyCount "51"]
[EventDate "2012.08.11"]
[EventType "swiss"]
[EventRounds "9"]
[EventCountry "CRO"]
[SourceTitle "CBM 149 Extra"]
[Source "ChessBase"]
[SourceDate "2012.08.24"]
[SourceVersion "1"]
[SourceVersionDate "2012.08.24"]
[SourceQuality "1"]

1. e4 e6 2. d3 c5 3. Nf3 Nc6 4. g3 g6 5. Bg2 Bg7 6. 0-0 Nge7 7. Re1 e5 8. c3 0-0 9. Na3 d6 10. Be3 h6 11. d4 exd4 12. cxd4 d5 13. dxc5 dxe4 14. Nd2 Bxb2 15. Nac4 Bxa1 16. Qxa1 Nf5 17. Nxe4 Nxe3 18. Nf6+ Qxf6 19. Qxf6 Nxc4 20. Bd5 N4e5 21. f4 Be6 22. Bxe6 Nf3+ 23. Kf1 Nxe1 24. Qxg6+ Kh8 25. Qxh6+ Kg8 26. Bf5 1-0

[Event "Velika Gorica op 8th"]
[Site "Velika Gorica"]
[Date "2008.08.26"]
[Round "5"]
[White "Safranic, Josip"]
[Black "Fernandez Quintero, Jose Antonio"]
[Result "0-1"]
[WhiteElo "2059"]
[BlackElo "1958"]
[PlyCount "46"]
[EventDate "2008.08.23"]
[EventType "swiss"]
[EventRounds "9"]
[EventCountry "CRO"]
[SourceTitle "CBM 126 Extra"]
[Source "ChessBase"]
[SourceDate "2008.11.05"]
[SourceVersion "1"]
[SourceVersionDate "2008.11.05"]
[SourceQuality "1"]

1. Nf3 d5 2. d3 Nf6 3. Nbd2 Bg4 4. e4 dxe4 5. dxe4 e5 6. Be2 Nc6 7. c3 Bc5 8. 0-0 0-0 9. Qc2 Qe7 10. b4 Bb6 11. a4 a6 12. Ba3 Nd8 13. Nc4 Re8 14. Nxb6 cxb6 15. Rfd1 Qc7 16. h3 Bh5 17. Rac1 Bg6 18. Bd3 Ne6 19. g3 h6 20. Kg2 Rad8 21. Bb2 Rxd3 22. Rxd3 Bxe4 23. Re1 Bxd3 0-1

[Event "Stobrec op"]
[Site "Stobrec"]
[Date "2008.08.02"]
[Round "7"]
[White "Fernandez Quintero, Jose Antonio"]
[Black "Mestrovic, Josip"]
[Result "1/2-1/2"]
[WhiteElo "1958"]
[BlackElo "1810"]
[PlyCount "38"]
[EventDate "2008.07.26"]
[EventType "swiss"]
[EventRounds "7"]
[EventCountry "CRO"]
[SourceTitle "EXT 2009"]
[Source "ChessBase"]
[SourceDate "2008.11.26"]
[SourceVersion "1"]
[SourceVersionDate "2008.11.26"]
[SourceQuality "1"]

1. d4 Nf6 2. c4 c5 3. d5 e6 4. Nc3 exd5 5. cxd5 d6 6. e4 g6 7. f4 Bg7 8. Bb5+ Nfd7 9. Nf3 0-0 10. Be2 Re8 11. Qc2 Na6 12. Bxa6 bxa6 13. 0-0 Rb8 14. Rb1 Qb6 15. Bd2 c4+ 16. Kh1 Nc5 17. Be3 Bd7 18. Nd2 Qc7 19. b3 cxb3 1/2-1/2

[Event "Stobrec op"]
[Site "Stobrec"]
[Date "2008.07.29"]
[Round "3"]
[White "Fernandez Quintero, Jose Antonio"]
[Black "Zelenika, Ivan"]
[Result "1-0"]
[WhiteElo "1958"]
[BlackElo "1670"]
[PlyCount "107"]
[EventDate "2008.07.26"]
[EventType "swiss"]
[EventRounds "7"]
[EventCountry "CRO"]
[SourceTitle "EXT 2009"]
[Source "ChessBase"]
[SourceDate "2008.11.26"]
[SourceVersion "1"]
[SourceVersionDate "2008.11.26"]
[SourceQuality "1"]

1. d4 d5 2. c4 dxc4 3. e3 Be6 4. Nc3 c6 5. a4 Nd7 6. Nf3 a6 7. Ng5 b5 8. axb5 axb5 9. Rxa8 Qxa8 10. Qh5 g6 11. Nxe6 fxe6 12. Qf3 Nb6 13. g3 Nd5 14. Bh3 b4 15. Bxe6 Ngf6 16. Ne4 c3 17. bxc3 Qa6 18. Nc5 Qc4 19. e4 Qxc3+ 20. Qxc3 Nxc3 21. e5 Nfe4 22. Bd7+ Kd8 23. Bxc6 Nxc5 24. dxc5 Kc7 25. Bf3 e6 26. Be3 Be7 27. Kd2 Nd5 28. Bd4 Kc6 29. Kd3 Kb5 30. Rc1 Ra8 31. c6 Rc8 32. Bg4 Nc7 33. Ke4 Ra8 34. Be2+ Ka4 35. Bb6 Rc8 36. Ra1+ Kb3 37. Kd4 Kb2 38. Ra7 Nd5 39. Bc5 Bxc5+ 40. Kxc5 b3 41. Ba6 Rf8 42. Kd6 Re8 43. Bc4 Kc3 44. Bxd5 exd5 45. Kxd5 b2 46. Rb7 Rd8+ 47. Kc5 g5 48. c7 Rc8 49. Kd6 Kc2 50. Kd7 Rf8 51. c8Q+ Rxc8 52. Kxc8 b1Q 53. Rxb1 Kxb1 54. e6 1-0

[Event "Stobrec op"]
[Site "Stobrec"]
[Date "2008.07.26"]
[Round "1"]
[White "Fernandez Quintero, Jose Antonio"]
[Black "Juric Cvitanovic, Alen"]
[Result "1-0"]
[WhiteElo "1958"]
[BlackElo "1842"]
[PlyCount "53"]
[EventDate "2008.07.26"]
[EventType "swiss"]
[EventRounds "7"]
[EventCountry "CRO"]
[SourceTitle "EXT 2009"]
[Source "ChessBase"]
[SourceDate "2008.11.26"]
[SourceVersion "1"]
[SourceVersionDate "2008.11.26"]
[SourceQuality "1"]

1. d4 d5 2. c4 c6 3. Nc3 Nf6 4. e3 g6 5. Nf3 Bg7 6. Bd3 0-0 7. 0-0 Bg4 8. h3 Bxf3 9. Qxf3 dxc4 10. Bxc4 Nbd7 11. Bb3 e5 12. d5 Nc5 13. dxc6 e4 14. Qf4 bxc6 15. Rd1 Nd3 16. Qh4 Re8 17. Na4 Nd5 18. Qxd8 Raxd8 19. Rb1 Bf8 20. Bd2 Rd7 21. Ba5 Bb4 22. Bxb4 N5xb4 23. a3 Nd5 24. Bc2 f5 25. b4 Red8 26. Bxd3 exd3 27. Rxd3 1-0